[Event "London Classic 2nd"]
[Site "London"]
[Date "2010.12.14"]
[Round "6"]
[White "Kramnik, Vladimir"]
[Black "Carlsen, Magnus"]
[Result "1/2-1/2"]
[WhiteElo "2791"]
[BlackElo "2802"]
[Annotator "Krasenkow,M"]
[PlyCount "171"]
[EventDate "2010.12.06"]
[EventType "tourn"]
[EventRounds "7"]
[EventCountry "ENG"]
[EventCategory "19"]
[SourceTitle "CBM 140"]
[Source "ChessBase"]
[SourceDate "2011.01.18"]
[SourceVersion "1"]
[SourceVersionDate "2011.01.18"]
[SourceQuality "1"]

1. d4 d5 2. c4 Nc6 3. Nf3 Bg4 4. Nc3 e6 5. Bf4 {Quite a harmless continuation.}
(5. cxd5 exd5 6. Qb3 $1 {is more aggressive.}) 5... Bd6 (5... Bb4 {is more in
the spirit of the Chigorin Defence - see e.g. Graf-Rabiega in CBM 129 
(annotations by GM R.Dautov)}) (5... Nf6) (5... Bxf3) (5... dxc4 {have been
seen in grandmaster practice, too.}) 6. Bg3 (6. Bxd6 Qxd6 7. cxd5 exd5 8. e3
Nf6 9. Be2 O-O 10. O-O Bxf3 11. Bxf3 Ne7 12. Qc2 c6 13. g3 g6 14. Bg2 h5 15.
Na4 b6 16. b3 Rac8 17. Rac1 h4 $132 {1/2 Abramovic,B (2516)-Miladinovic,I 
(2605)/Herceg Novi 2007/CBM 120 ext (40)}) 6... Nf6 (6... Bxg3 7. hxg3 Nf6 8.
e3 Qe7 9. Qb3 Qb4 10. Qxb4 Nxb4 11. Rc1 Bxf3 12. gxf3 O-O-O 13. c5 e5 14. dxe5
Nd7 15. a3 Nc6 16. Bh3 Ncxe5 17. Ke2 $14 {1/2 Janowski,D-Taubenhaus,J/Paris
1905/HCL (49)}) (6... Nge7 7. e3 a6 8. Rc1 Qd7 9. a3 Rd8 10. Bd3 Bxg3 11. hxg3
e5 12. cxd5 Nxd5 13. Be4 Nf6 14. Bxc6 Qxc6 15. Ne2 Qe4 16. Nxe5 Qxg2 17. Rf1
Bxe2 18. Qxe2 c6 19. Qf3 Qxf3 20. Nxf3 Ke7 {1/2 Baumbach,F (2315)-Marszalek,R 
(2310)/Warsaw 1988/EXT 1997}) (6... Bxf3 7. gxf3 dxc4 8. e3 Nge7 9. Bxc4 O-O
10. Qc2 Nb4 11. Qb3 Nec6 12. Be2 Qd7 13. Rc1 Na5 14. Qd1 f5 15. Bxd6 Qxd6 16.
a3 Nd5 17. Nxd5 exd5 18. Qc2 Qe6 $11 {1/2 Ftacnik,L (2559)-Markos,J (2571)/
Prievidza 2009/CBM 130 (33)}) 7. e3 O-O 8. a3 (8. cxd5 Nxd5 $5 (8... exd5 9.
Bh4 Be7 10. h3 Bxf3 11. Qxf3 $14 Ne4 $2 12. Bxe7 Qxe7 13. Nxd5 Qd6 14. Bd3 f5
15. Nc3 $16 {1-0 Sokolov,I (2663)-Mann,C (2455)/Germany 2005/CBM 107 (23)}) 9.
Be2 Nce7 10. O-O Nxc3 11. bxc3 c5 12. Qa4 Nd5 13. Rac1 Bxg3 14. hxg3 Qc7 15.
Bd3 Bxf3 16. gxf3 Nxe3 17. fxe3 Qxg3+ 18. Kh1 Qh3+ {1/2 Shchekachev,A (2539)
-Bosiocic,M (2571)/Sibenik 2009/EXT 2010}) 8... Ne7 $146 {A second-rate
novelty.} (8... Ne4 9. Rc1 f5 10. cxd5 Nxc3 11. Rxc3 exd5 12. Qb3 Bxf3 13. Bxd6
Qxd6 14. gxf3 Rae8 15. Kd2 Nd8 16. f4 c6 17. Kc1 Qe7 18. h4 Nf7 {1/2 Legemaat,
G (2390)-De Waard,J (2380)/ICCF Email Master Norm 0/ICCF CBM 120}) 9. Qb3 b6
10. Ne5 c5 $5 {White is behind in development (Bf1, Rh1) so Black opens up the
position, however, rather unsuccessfully.} 11. Nxg4 Nxg4 12. Rd1 $1 Bxg3 13.
hxg3 Nf6 14. cxd5 exd5 15. Be2 Qd6 16. Qc2 h6 17. O-O $14 {A position with
potential "hanging pawns" on c5 and d5 has arisen. Since two pairs of pieces
have been exchanged, it is rather favorable for the opponent, i.e. White.} c4 {
And this structure is not so good either as White undermines it at once.} 18.
b3 $1 Qxa3 (18... cxb3 19. Qxb3 $14 {[%csl Rd5]}) 19. bxc4 dxc4 $6 (19... Qd6
$142 20. Ra1 $36 {[%cal Yf1b1]}) 20. Bf3 $1 Rab8 21. Ra1 Qd6 22. Nb5 Qd7 23.
Qxc4 a5 24. e4 $16 {[%csl Gd4,Ge4] Black's queenside pawns are blocked, and
White's central pawns are mobile and strong.} Rfc8 25. Qe2 Rc6 26. Rab1 Rd8 27.
Rfd1 Rdc8 28. d5 Rc2 29. Qe3 R2c5 30. Nd4 Re8 (30... b5 $2 31. Nc6) 31. Qd3 Qd6
32. Qa6 Rb8 33. Nb3 Rc2 34. Nd4 Rc5 35. Nb3 Rc2 36. Qd3 $5 {White continues
manoeuvring in order to exhaust his opponent.} (36. Nxa5 {was possible, too:}
Qc5 37. Rf1 Ra2 {, and now the simplest course is} 38. Nb3 $1 Qxf2+ 39. Rxf2
Rxa6 40. Nd4 $16) 36... Rcc8 37. Nd2 Ng6 38. Be2 $1 {[%cal Yf2f4]} Qc5 39. Rb5
Qc3 40. f4 a4 41. e5 Nd7 42. Qxc3 Rxc3 43. Ne4 {[%csl Gd5,Ge4,Ge5]} Rc7 44. Ra1
Ra7 45. d6 Ngf8 46. Nc3 Nc5 47. Nd5 Ra5 48. Rxb6 Rxb6 49. Nxb6 $18 {[%mdl 4096]
} Nfe6 50. Bc4 Kf8 51. f5 Nd8 52. Rf1 Ncb7 53. Re1 a3 54. e6 {Just grabbing a
piece, although it is not so easy to convert it.} (54. d7 $6 a2 55. Bxa2 Rxa2
56. e6 Nc6 57. e7+ Nxe7 58. Nc8 Rd2 59. Rxe7 f6 {leads to a curious positional
draw}) (54. Ba2 $1 {(A.Korotylev) was the simplest way to get a decisive
advantage.}) 54... fxe6 55. fxe6 Nxd6 56. e7+ Ke8 57. exd8=R+ Kxd8 58. Rd1 Kc7
59. Ba2 Rg5 60. Nd5+ Kc6 61. Nc3 Rc5 $5 {A curious psychological decision.
Black offers White the chance to further simplify the game. White gladly
accepts the offer and then fails to overcome unexpected technical problems!}
62. Rxd6+ ({White should, of course, win after} 62. Rd3 Ra5 63. Kf2 {etc. but
why not "shorten the journey"?}) 62... Kxd6 63. Ne4+ Kc6 64. Nxc5 Kxc5 65. Kf2
Kd4 66. Kf3 Kd3 67. g4 Kd2 (67... g5 68. Bf7 Kd4 69. Ke2 Ke4 70. g3 Kd4 71. Kd2
Ke4 72. Kc3 Kf3 73. Bh5 $18) 68. Be6 Kd3 (68... Ke1 $144 69. Bc4 Kd2 70. g5)
69. Kg3 $4 {A strange move, after which, apparently, White can't win anymore!}
(69. g5 $1 hxg5 (69... Kd4 70. Kf4 $18) (69... Kd2 70. g6 $18) 70. Kg4 Ke3 71.
g3 $1 {indicated by GM A.Khalifman} ({but not} 71. Kxg5 Kf2 72. g4 Kg3 73. Bd5
Kh3 74. Kf5 g6+ $1 {- with his pawn on g4 and Black's on g6 White can't win, e.
g.} 75. Kf4 (75. Kg5 Kg3 76. Be6 Kf3 $1) 75... Kh4 76. g5 Kh5 $1 {not allowing
the white king to f6}) 71... Ke4 (71... Kf2 72. Bd5 Ke3 73. Kxg5 Kf2 74. Kf4 $1
Ke2 75. g4 $18) 72. Kxg5 Kf3 73. Kh4 $1 {White manages to keep his pawn on g3
and wins, e.g.} Kf2 74. Kg4 Ke3 (74... Kg2 75. Kf4 Kh2 76. g4 Kh3 77. g5+ Kh4
78. Kf5 Kh5 79. Ba2 Kh4 80. Bb3 Kh5 81. Be6 Kh4 82. Kg6 $22 $18) 75. Bf7 Ke4
76. Ba2 Ke3 77. Bb1 $22 g6 (77... Kf2 78. Kf4 {[%cal Yg3g4]} Kg2 79. g4 Kh3 80.
g5 Kh4 81. Kf5 Kh5 82. Ba2 Kh4 83. Bb3 Kh5 84. Be6 $18) 78. Ba2 Ke4 79. Bb3 $1
Ke3 80. Bf7 $22 Kf2 (80... Kd4 81. Kf4) 81. Kf4 Kg2 82. Be6 $1 (82. g4 $4 Kh3
$11) 82... Kh2 (82... Kf2 83. g4) 83. Kf3 Kh1 (83... g5 84. Ba2 Kh3 85. Bd5 Kh2
86. Kg4 $18) 84. g4 Kh2 85. g5 $18 {[%cal Yf3f4,Yf4e5,Ye5f6] - the white pawn
can only move forward if this king manoeuvre is guaranteed or if the black
pawn can't move to g6. It is far from easy to find all this over the board!})
69... Ke3 70. Kh4 $2 (70. g5 {was the last chance but Black can probably
survive in a study-like manner:} Ke4 (70... Ke2 71. Ba2 Kf1 $2 72. g6) (70...
hxg5 $2 71. Kg4 {- see the above annotation}) 71. Kg4 Ke3 72. Ba2 $5 (72. Bf7
Ke4 73. Ba2 Ke3 74. Bb1 Kf2 75. g3 Ke3 76. g6 h5+ $1 {doesn't change much})
72... Ke4 73. g3 (73. Bb1+ Ke3 74. g6 Kf2 $1 75. Kf5 Kxg2 76. Ke6 h5 $11) 73...
Ke3 $1 (73... Ke5 74. Bb1 Kd4 75. Kf5 hxg5 76. Kxg5 Ke3 77. Kg4 $1 {etc. - see
above}) 74. Bb1 Kf2 $1 75. g6 (75. Kf4 h5 $1 76. Ba2 Kg2 77. Bd5+ Kh3 78. Kf3
Kh2 79. g4 h4 $1 80. Kf2 Kh3 81. Be6 g6 82. Kf3 Kh2 $11) 75... h5+ $1 76. Kxh5
Ke3 $3 77. Kg5 Kd4 78. Kf5 Kd5 $11 {[%cal Yd5d6,Yd6e7,Ye7f8] - Black reaches a
well-known theoretical fortress.}) 70... Kf2 71. Bd5 g6 72. Kh3 g5 $1 {This
move is now timely. The white king can't come out, and the position is drawn.}
73. Kh2 Kf1 74. Be6 Kf2 75. Bc4 Ke3 76. Kg3 Kd4 77. Be6 Ke3 78. Kh2 Kf2 79. Bc4
Ke3 80. Kg1 Kf4 81. Be6 Ke5 82. Bb3 Kf4 83. Be6 Ke5 84. Bb3 Kf4 85. Be6 Ke5 86.
Bb3 1/2-1/2

[Event "Tata Steel-A 73rd"]
[Site "Wijk aan Zee"]
[Date "2011.01.22"]
[Round "7"]
[White "Kramnik, Vladimir"]
[Black "Giri, Anish"]
[Result "1-0"]
[WhiteElo "2784"]
[BlackElo "2686"]
[Annotator "Krasenkow,M"]
[PlyCount "117"]
[EventDate "2011.01.14"]
[EventType "tourn"]
[EventRounds "13"]
[EventCountry "NED"]
[EventCategory "20"]
[SourceTitle "CBM 141"]
[Source "ChessBase"]
[SourceDate "2011.03.17"]
[SourceVersion "1"]
[SourceVersionDate "2011.03.17"]
[SourceQuality "1"]

1. d4 Nf6 2. c4 g6 3. Nc3 d5 4. cxd5 Nxd5 5. e4 Nxc3 6. bxc3 Bg7 7. Qa4+ Qd7 8.
Qb3 O-O 9. Be3 c5 ({Black usually starts with} 9... b6 {here, then ...Bc8-b7
and only later ...c7-c5.}) 10. d5 $1 $146 {[%mdl 8]} (10. Rd1 cxd4 11. cxd4 Nc6
12. Nf3 (12. d5 $142) 12... Qd6 13. a3 Bg4 14. e5 Qd7 15. Be2 {1-0 Jorczik,J 
(2381)-Strache,M (2218)/Saarbruecken 2009/CBM 128 Extra (40)} Rad8 $15 {
[%cal Yg4e6,Ye6d5]}) 10... e6 $5 11. Bc4 $1 (11. Bxc5 $6 Qc7 $1 12. Qa3 exd5 $1
13. exd5 Nd7 $1 14. Bd4 $8 Bxd4 15. cxd4 Re8+ $17) 11... exd5 12. Bxd5 Qc7 (
12... Na6 $5 {[%cal Ya6c7]}) 13. Ne2 Nd7 14. Bf4 Ne5 15. O-O $14 {[%csl Gd5]}
c4 (15... Rb8 {[%cal Yb7b5]} 16. a4 Bd7 17. Rfd1 $14) 16. Qb4 Re8 17. Bg3 Rb8
$5 {Black gives up a pawn to ease White´s pressure.} 18. Qxc4 Qxc4 19. Bxc4 Bd7
20. Rfd1 Nxc4 (20... Bc6 21. Bd5) 21. Bxb8 (21. Rxd7 $143 Rbd8 22. Rad1 Rxd7
23. Rxd7 Rxe4) 21... Ba4 22. Bxa7 Bxd1 23. Rxd1 {[%mdl 4096]} Rxe4 (23... f5 $5
{In both cases Black regains one of the pawns with good drawing chances due to
White´s poor pawn structure.}) 24. Rd8+ Bf8 25. Bc5 Rxe2 26. g4 Rxa2 (26... Kg7
$5 27. Bxf8+ Kf6 28. Rd4 Ne5 29. Kg2 {[%cal Rd4d6]} h5 $1 30. Rd6+ Kg5 31. gxh5
gxh5 {, and White can hardly convert his advantage.}) 27. g5 $5 Ne5 $6 (27...
b6 28. Bxf8 f5 $1 29. gxf6 Kf7 30. Be7 h5 {The f6 pawn is now weak rather than
strong, and Black should not lose.}) 28. Bxf8 f6 $6 {The last inaccuracy. It
was still better to play} (28... Nc6 $1 29. Rc8 f5 $1 {, although White can
now reply} 30. Be7+ $1 Kf7 31. Bf6 $16 {[%csl Rb7,Rh7][%cal Yc8c7] restricting
Black´s knight and then attacking his b7- and h7-pawns.}) 29. Be7+ Kf7 30. Bxf6
{[%csl Rb7,Gf6,Rh7] White has gained a pawn once again, setting up his bishop
on a strong position; Black's b7- and h7-pawns are weak.} Ra5 31. Kg2 Ng4 32.
Rd7+ Ke6 33. Re7+ Kf5 34. Bd4 Kxg5 35. Rxh7 {[%cal Rh7b7,Rg2g3]} Ne5 36. Rxb7 {
, and White converted two extra pawns without major problems:} Nc4 37. Rc7 Nd6
38. Be3+ Kf5 39. Kf3 Ra4 40. Bd4 Ke6 41. Rg7 Kf5 42. Ra7 Rxa7 43. Bxa7 Nc4 44.
Bb8 Nb2 45. Bg3 Nc4 46. h3 g5 47. Ke2 Ke4 48. f3+ Kd5 49. Bc7 Ke6 50. Kd3 Kd5
51. f4 gxf4 52. Bxf4 Nb2+ 53. Kc2 Nc4 54. h4 Ke4 55. Bc1 Ne5 56. h5 Nd7 57. h6
Nf6 58. c4 Nh7 59. Kb3 1-0

[Event "Tata Steel-A 73rd"]
[Site "Wijk aan Zee"]
[Date "2011.01.25"]
[Round "9"]
[White "Kramnik, Vladimir"]
[Black "L'Ami, Erwin"]
[Result "1-0"]
[WhiteElo "2784"]
[BlackElo "2628"]
[Annotator "Kramnik,V"]
[PlyCount "45"]
[EventDate "2011.01.14"]
[EventType "tourn"]
[EventRounds "13"]
[EventCountry "NED"]
[EventCategory "20"]
[SourceTitle "CBM 141"]
[Source "ChessBase"]
[SourceDate "2011.03.17"]
[SourceVersion "1"]
[SourceVersionDate "2011.03.17"]
[SourceQuality "1"]

1. Nf3 Nf6 2. c4 g6 3. Nc3 d5 4. cxd5 Nxd5 5. d3 {A new attempt to get a long
game against the direct Grünfeld which is so deeply analysed nowadays. Most
probably it is not the refutation of the opening, but who knows...} Nxc3 (5...
Bg7 6. Bd2 Nxc3 (6... O-O 7. g3) 7. Bxc3 {now it is possible to take with the
bishop; that is why my opponent decided to take on c3 earlier.}) 6. bxc3 Bg7 7.
Qc2 (7. Qd2 {Probably would be Magnus' choice here.}) 7... O-O (7... c5 {
I think this is more practical, just developing pieces and castling only after
White has played} 8. g3 b6 9. Bg2 Bb7 {and no need to worry about h4 here,
equalising comfortably.}) 8. g3 c5 9. Bg2 Nc6 10. h4 $1 {That was my idea
behind this d3 setup. Now Black has to think how to react to White's
aggression.} Nb4 {I do not like this move.} (10... Bf5 $1 {was a good choice,
planning c4:} 11. Nd2 (11. Qd2 Qa5 12. Bb2 Rad8 13. h5 c4 $13) 11... Nb4 12.
cxb4 Bxa1 13. bxc5 $13 Qd7) (10... h5 {stopping White's play once and for all,
but seriously weakening the g5-square.} 11. Ng5 $14) (10... h6 {is a half
solution, for example} 11. Rb1 b6 $140 12. h5 g5 13. Nxg5) 11. Qd2 Nd5 12. Bb2
{/\c4} Qa5 13. h5 $1 {The pawn on c3 is not really hanging!} Nb6 $1 (13... Bxc3
14. Bxc3 Qxc3 15. Qxc3 Nxc3 16. hxg6 hxg6 17. Kd2 {with powerful play for
White.} Nd5 18. Ng5 e6 19. Rh4 {Even without the queens this attack might be
very strong.}) 14. hxg6 hxg6 (14... fxg6 {the computer claims that it is not
as bad as it looks, but no human would go for it.}) 15. a4 $1 {The only way to
fight for an advantage, otherwise Black puts his knight to a4 and gets a
comfortable position.} (15. Kf1 Na4 $11 16. Rc1 Nxb2 17. Qxb2 Rd8) 15... Bd7 $2
(15... Nxa4 {looks scary, but good or bad, has to be played. In fact there is
nothing decisive for White here, and Black is fully in the game in all lines}
16. Ra3 $1 {a difficult move, probably the best one} (16. Qf4 {my opponent was
afraid of this move, but it does not seem to work in fact.} Qb6 $1 (16... Bxc3+
$2 17. Kf1 Bxb2 18. Qh6 Rd8 19. d4) 17. Qh4 Rd8 18. Bc1 Bxc3+ 19. Kf1 Bxa1 20.
d4 Qf6 21. Qh7+ Kf8 22. Bg5 Bxd4 23. Bxf6 Bxf6) (16. Rh4 Bd7 {Black's position
looks suspicious, but seems to be playable, according to the computer.} 17. Kf1
(17. Ng5 Rad8 18. Kf1 b5 19. Ra3 Qb6) 17... b5 18. Ne5 Rad8) (16. Kf1 $5 Qb5 $1
17. Bc1 $1 Nxc3 18. Qg5 Nxe2 $1 19. Qh4 Nxg3+ 20. fxg3 Qxd3+ 21. Kg1 g5 22.
Qxg5 Qg6 {no problem here}) 16... Bd7 (16... Qb5 $140 17. Bc1 {and c3 is
protected by the rook now}) 17. Kf1 {with good play for the pawn} Rfd8 (17...
Bc6 18. Bc1 c4 19. d4) 18. Bc1 c4 19. d4) 16. Kf1 $1 {Preparing to transfer
the queen to h4 and to attack for free.} Nxa4 {Suddenly Black is in real
trouble, so he decides that if he must suffer at least he will have a pawn.} (
16... c4 17. d4 Nxa4 18. Ne5 $1 Rad8 19. Qf4 {and mate will come in the near
future it seems.}) 17. Qg5 $1 {More accurate, not letting the opponent's queen
enter the game.} (17. Qf4 c4 $1) 17... Qb6 (17... Rfc8 {The computer is still
rather optimistic about Black's position, but after a couple of moves starts
to understand...} 18. Qh4 Kf8 19. c4 $1 f6 {and here anything wins} (19... Bxb2
20. d4) 20. Qh7 Qb6 21. Bc1 g5 22. Rh6 {for instance.}) 18. Qh4 {now even the
fearless metal box understands that something is wrong with Black's king here}
Rfe8 (18... f6 19. Bc1 {is similar to the game} Qb3 20. Bh6 g5 21. Bxg5 Rfd8
22. Bh6) 19. Bc1 $1 {Just mating.} e5 {Not the most resilient, but there was
already nothing acceptable anyway.} 20. Qh7+ Kf8 21. Bh6 Bxh6 22. Qxh6+ Ke7 23.
Nxe5 {Winning some material.} 1-0

[Event "Amber-blindfold 20th"]
[Site "Monte Carlo"]
[Date "2011.03.22"]
[Round "9"]
[White "Aronian, Levon"]
[Black "Kramnik, Vladimir"]
[Result "1-0"]
[WhiteElo "2808"]
[BlackElo "2785"]
[Annotator "Krasenkow,M"]
[PlyCount "77"]
[EventDate "2011.03.12"]
[EventType "tourn (rapid)"]
[EventRounds "11"]
[EventCountry "MNC"]
[EventCategory "21"]
[SourceTitle "CBM 142"]
[Source "ChessBase"]
[SourceDate "2011.05.17"]
[SourceVersion "1"]
[SourceVersionDate "2011.05.17"]
[SourceQuality "1"]

1. c4 e6 2. Nc3 d5 3. d4 Be7 4. cxd5 exd5 5. Bf4 Nf6 6. e3 Bf5 7. Qb3 Nc6 8. g4
{For this line - see CBM 140, annotations to Morozevich - Onischuk.} Nxg4 9.
Qxd5 $1 $146 {[%mdl 8]} (9. Nxd5 $6 O-O 10. Bg2 Bh4 $1 11. Bg3 Be6 {[%cal
Rc6a5]} 12. Kf1 $1 a5 $1 13. Nh3 a4 14. Qc4 Na5 15. Qc5 b6 16. Bxh4 bxc5 17.
Bxd8 Raxd8 18. Ne7+ Kh8 19. d5 Bd7 $17 {0-1 Topalov,V (2725)-Kasparov,G (2795)/
Linares 1997/CBM 136 [Lukacz/Hazai] (39)}) (9. a3 $5 O-O 10. Bg2 Bh4 11. Bg3
Bxg3 (11... Be6 $5) (11... Re8 $5) 12. hxg3 Ne7 13. Nxd5 Nxd5 14. Qxd5 Qxd5 15.
Bxd5 Rad8 16. Bxb7 Rb8 17. Bf3 Rxb2 18. Ne2 $11 {1/2 Aleksandrov,A (2660)
-Azmaiparashvili,Z (2645)/Groningen 1997/EXT 1999 (37)}) 9... Qc8 {Garry
Kasparov evaluated this position as good for Black, but Levon Aronian has
reasonable objections.} 10. Qg2 O-O (10... Nf6 $5) 11. e4 Bxe4 $5 {[%mdl 512]
This piece sacrifice proves to be insufficent for equality; Black has two
alternatives requiring further investigation:} (11... Bg6 12. O-O-O $14) (11...
Nxd4 $5 12. O-O-O Bc5) 12. Nxe4 Bb4+ 13. Nc3 Qf5 14. Be2 Rfe8 15. Kf1 Nf6 (
15... Qxf4 16. Qxg4 Qd2 17. Rb1) (15... h5 16. Qg3 Nxd4 17. Bd3) 16. Bh6 g6 17.
Qg5 $1 {[%mdl 256] The key task is to exchange the queens, after which Black's
attack will peter out.} Nxd4 18. Rd1 (18. Qxf5 $5 Nxf5 19. Bd2) 18... Bxc3 19.
bxc3 Ne4 (19... Rxe2 20. Nxe2 Qh3+ 21. Qg2 Qxg2+ 22. Kxg2 Nxe2 23. Rd3 $16 {
[%csl Re2]}) 20. Qxf5 Nxf5 21. Bd2 Rad8 22. Be1 Rxd1 23. Bxd1 Re5 24. Nf3 Rc5
25. Bb3 Nxc3 {Black has restored the material balance, but White activates his
pieces and obtains a clear advantage.} 26. Ne5 $1 Ne4 $2 (26... Nd6 $142 27.
Nd7 Rc6 28. Kg2 Ne2 29. Bd2 $16) 27. Nxf7 Kg7 28. f3 Nf6 29. Bf2 Rc3 30. Ng5
Nh5 31. Ke2 Nf4+ 32. Kd2 Rd3+ 33. Kc2 Kh6 34. Nf7+ Kh5 35. Rg1 h6 36. Ne5 Ne3+
37. Kb1 Rc3 38. Nxg6 Nh3 39. Nf4+ 1-0

[Event "Amber-rapid 20th"]
[Site "Monte Carlo"]
[Date "2011.03.20"]
[Round "8"]
[White "Gashimov, Vugar"]
[Black "Kramnik, Vladimir"]
[Result "1-0"]
[WhiteElo "2746"]
[BlackElo "2785"]
[Annotator "Gashimov,V"]
[PlyCount "77"]
[EventDate "2011.03.12"]
[EventType "tourn (rapid)"]
[EventRounds "11"]
[EventCountry "MNC"]
[EventCategory "21"]
[SourceTitle "CBM 142"]
[Source "ChessBase"]
[SourceDate "2011.05.17"]
[SourceVersion "1"]
[SourceVersionDate "2011.05.17"]
[SourceQuality "1"]

{It's great pity that it was the last Amber tournament...} 1. e4 e5 2. Nf3 Nc6
3. Bb5 Nf6 4. Qe2 {That day, I was not in the mood to play the Berlin endgame.
So I decided to keep queens on the board.} Bc5 5. c3 O-O 6. d3 Re8 7. Ba4 $5 {
The bishop is doing nothing on b5, on b3 it will help in the attack.} d5 8. h3
h6 $6 9. g4 $1 {Time to go!} Nh7 {Protecting against g4-g5, but now the white
knight comes to e4.} 10. Nbd2 Bd7 11. Bb3 (11. exd5 $2 Nd4) 11... Be6 12. exd5
Bxd5 13. Ne4 {Done!} Bf8 (13... Be7 {was better, but still Black has big
problems.}) 14. g5 {Now everything is ready for g5.} Bxb3 15. axb3 Qd5 16. Rg1
h5 $6 (16... hxg5 $1 17. Nfxg5 Nxg5 18. Bxg5 (18. Nxg5 $5 $40) 18... f5 $1 19.
Nf6+ gxf6 20. Qh5 Bg7 (20... fxg5 $4 21. Qxg5+ Kf7 22. Qg8+ Ke7 23. Qxd5 $18)
21. Bxf6 Re7 22. O-O-O $40 (22. Qh6 Qd7 23. O-O-O Rf8 24. Bxe7)) 17. g6 fxg6
18. Rxg6 {Now White is enjoying a very comfortable position.} Re6 19. Rg3 Be7
20. Nfg5 Bxg5 21. Bxg5 g6 {A blunder in an already difficult position.} 22. c4
Qd7 23. Nc5 Qe8 24. Nxe6 Qxe6 25. Be3 $18 Kh8 26. O-O-O a5 27. Rdg1 Qf5 28. Rf3
Qd7 29. Bd2 a4 30. Bc3 Qd6 31. Qe4 a3 32. bxa3 Nd4 33. Bxd4 exd4 34. Kc2 Rxa3
35. Rxg6 Ra2+ 36. Kb1 Ra1+ 37. Kxa1 Qa3+ 38. Kb1 Qxb3+ 39. Kc1 1-0